000 00428nam a2200205Ia 4500
001 11765
003 GE_BSU
008 181216s||||||||xx |||||||||||||| ||und||
020 _a0749321598
040 _cGE_BSU
080 _a821.111-312.4
100 _aStrong,Terence
245 _aRogue Element
260 _aLondon
260 _bArrow
260 _c1997
300 _a580p.18cm.
653 _aRogue Element
942 _cBK
999 _c44944
_d44944